| 000 | 00557nam a2200193Ia 4500 | ||
|---|---|---|---|
| 003 | GCL | ||
| 008 | 140319s9999 xx 000 0 ara d | ||
| 040 |
_aGCL / _cGCL |
||
| 082 | 0 | 4 |
_a901.9 _bح ح |
| 245 | 1 | 0 |
_aالحضارة : _bدراسة فى اصول وعوامل قيامها وتدهورها |
| 300 | _a163 ص | ||
| 490 |
_aعالم المعرفة _v0 |
||
| 650 | 0 | 4 | _aالحضارة |
| 650 | 0 | 4 | _aالتاريخ |
| 650 | 0 | 4 | _aالثقافة |
| 650 | 0 | 4 | _aالحركات الفكرية |
| 650 | 0 | 4 | _aالحضارة - تاريخ |
| 942 |
_2ddc _cBK |
||
| 999 |
_c52141 _d52141 |
||